000 00822nam a2200229Ia 4500
005 20250508165404.0
008 008 250505s9999 xx 000 0 eng d
020 _a978-93-8014-443-6
037 _aTextual
040 _aFEDL
_beng
_cFEDL
041 _aeng
_2eng
084 _a378.73, SAW
_qFEDL
100 _aSawhney Neena Ed.
_9780697
245 0 _aFostering global competencies in higher education: An anthology of selected papers presented at the national seminar
260 _aPatiala, India
_bTwenty-first Century Publications
_c2013
300 _axiii, 249p.
365 _aINR
_b750
546 _aOrganized by: Chandigarh College of Education, Landran, Mohali; Gifted by Dr. Neena Sawhney
700 _a Bansal Sneh Ed.
_9780698
942 _cTEXL
_h378.73, SAW
999 _c1394834
_d1394834